| 000 | 01243nam a22003137a 4500 | ||
|---|---|---|---|
| 999 |
_c14235 _d14235 |
||
| 003 | EG-ScBUE | ||
| 005 | 20211003103611.0 | ||
| 008 | 100628s2006 ua f b 000 0 ara d | ||
| 040 |
_aEG-ScBUE _bara _erda _cEG-ScBUE _dEG-ScBUE |
||
| 082 | 0 | 4 |
_a658.409 _bهـ و ا _222 |
| 100 | 1 |
_aالهواري، سيد، _eمؤلف. |
|
| 245 | 1 | 0 |
_aملامح مدير المستقبل : _bمن الإدارة التبادلية إلى القيادة التحويلية _cالدكتور سيد الهواري. |
| 250 | _aالطبعة الرابعة. | ||
| 264 | 1 |
_aالقاهرة : _bسيد الهواري، _c2006. |
|
| 300 |
_a112 صفحة ؛ _c24 سم. |
||
| 336 |
_2rdacontent _aنص _btxt |
||
| 337 |
_2rdamedia _aبدون وسيط _bn |
||
| 338 |
_2rdacarrier _aمجلد _bnc |
||
| 490 | 0 | _aدليل المديرين في التطوير الذاتي | |
| 504 | _aيشتمل على إرجاعات ببليوجرافية. | ||
| 541 | _cإهداء ؛ | ||
| 650 | 7 |
_915143 _aالقيادة الإدارية. _2BUEsh |
|
| 650 | 7 |
_915291 _aالرؤساء والمديرون. _2BUEsh |
|
| 650 | 7 |
_915290 _aالإداريون. _2BUEsh |
|
| 651 | _2BUEsh | ||
| 653 |
_bBUSADM _cSeptember2021 |
||
| 655 |
_vReading book _934232 |
||
| 942 |
_2ddc _cBB |
||